| 000 -LEADER |
| fixed length control field |
00688nam a22001937a 4500 |
| 005 - DATE AND TIME OF LATEST TRANSACTION |
| control field |
20240530162156.0 |
| 008 - FIXED-LENGTH DATA ELEMENTS--GENERAL INFORMATION |
| fixed length control field |
240530s2008 enk||||| |||| 00| 0 eng d |
| 020 ## - INTERNATIONAL STANDARD BOOK NUMBER |
| International Standard Book Number |
9780198564928x |
| 041 ## - LANGUAGE CODE |
| Language code of text/sound track or separate title |
eng |
| 080 ## - UNIVERSAL DECIMAL CLASSIFICATION NUMBER |
| Universal Decimal Classification number |
617.51 C-79 |
| 100 ## - MAIN ENTRY--PERSONAL NAME |
| Personal name |
Corbridge, Rogan |
| 9 (RLIN) |
22250 |
| 245 ## - TITLE STATEMENT |
| Title |
Oxford Handbook of ENT and Head and Neck Surgery / |
| Statement of responsibility, etc. |
Rogan Corbridge, Nicholas Steventon. |
| 264 ## - PRODUCTION, PUBLICATION, DISTRIBUTION, MANUFACTURE, AND COPYRIGHT NOTICE |
| Place of production, publication, distribution, manufacture |
Oxford : |
| Name of producer, publisher, distributor, manufacturer |
Oxford University Press, |
| Date of production, publication, distribution, manufacture, or copyright notice |
2008. |
| 300 ## - PHYSICAL DESCRIPTION |
| Extent |
444 p. |
| Other physical details |
ill.; |
| Dimensions |
19 cm. |
| 653 ## - INDEX TERM--UNCONTROLLED |
| keyword |
თავისა და კისრის ქირურგია |
| 653 ## - INDEX TERM--UNCONTROLLED |
| keyword |
მედიცინა |
| 700 ## - ADDED ENTRY--PERSONAL NAME |
| Personal name |
Steventon, Nicholas |
| Relator term |
ავტორი |
| 9 (RLIN) |
22251 |
| 942 ## - ADDED ENTRY ELEMENTS (KOHA) |
| Source of classification or shelving scheme |
|
| Koha item type |
წიგნი |